| 000 | 00835cac a22002775a 4500 | ||
|---|---|---|---|
| 005 | 20150817140942.0 | ||
| 008 | 131219r2004 xxka frd 001 0 eng d | ||
| 020 | _a0719572681 | ||
| 020 | _a9780719572685 | ||
| 082 | 0 | 4 |
_a650 _bBOR _222 |
| 100 | 1 |
_aBorrington, Karen _934693 |
|
| 245 | 1 | 0 |
_aIGCSE business studies / _cKaren Borrington, Peter Stimpson. |
| 250 | _a2nd ed. | ||
| 260 |
_aLondon : _bJohn Murray, _c2004. |
||
| 300 |
_axvi, 416 p. : _bill. (col.) ; _c26 cm. |
||
| 490 | 0 | _aCambridge International Examinations | |
| 500 | _aIndex : p. 409-416. | ||
| 500 | _aGlossary : p. 402-408. | ||
| 590 | _aDoha | ||
| 650 | 0 |
_aBusiness _vProblems, exercises, etc. _934696 _2BUEsh |
|
| 651 | _2BUEsh | ||
| 653 | _cDecember2013 | ||
| 655 |
_vreading book _934232 |
||
| 700 | 1 |
_aStimpson, Peter _934694 |
|
| 942 |
_cBB _k650 BOR _2ddc |
||
| 999 |
_c4585 _d4585 |
||